Loading...
| History - American | 1 | 1 | 0 | 0 | 25 | 95 | 115.00 | 1 | 2 | 0.00 | 0.00 |
| Literature - Long Fiction | 0 | 2 | 1 | 1 | 15 | 125 | 142.50 | 1 | 2 | 0.00 | 0.00 |
| Literature - Poetry | 1 | 0 | 0 | 0 | 15 | 49 | 49.00 | 1 | 1 | 0.00 | 0.00 |
| History - World | 1 | 0 | 0 | 0 | 15 | 73 | 73.00 | 1 | 1 | 0.00 | 0.00 |
| Current Events | 0 | 1 | 0 | 0 | 10 | 82 | 82.00 | 1 | 1 | 0.00 | 0.00 |
| Fine Arts - Other | 0 | 1 | 0 | 0 | 10 | 130 | 130.00 | 1 | 1 | 0.00 | 0.00 |
| Literature - Drama | 0 | 1 | 0 | 0 | 10 | 111 | 111.00 | 0 | 1 | 0.00 | 0.00 |
| Science - Biology | 0 | 1 | 1 | 0 | 5 | 108 | 108.00 | 1 | 1 | 0.00 | 0.00 |
| Science - Chemistry | 0 | 0 | 0 | 0 | 0 | 0.00 | 0 | 0 | 0.00 | 0.00 | |
| Social Science | 0 | 0 | 1 | 0 | -5 | 0.00 | 0 | 0 | 0.00 | 0.00 |